Ancient Greek Colonies - Sudden Death - Statistics

General Stats
  • This quiz has been taken 50 times
  • The average score is 4 of 15
Answers on the Grid
Answers color-coded by a green-red scale on the quiz's grid according to % correct below.
Venice
Istanbul
Alexandria
Algiers
Marseille
Monaco
Rome
Lisbon
Sevastopol
Ravenna
Palermo
Naples
Seville
Tirana
Benghazi
Syracuse
Valencia
Varna
Ancona
Bucharest
Genoa
Nice
Antalya
Ankara
Sochi
Trieste
Taranto
Beirut
Odessa
Cagliari
Messina
Gaza
 
Answer Stats
Answer % Correct
Alexandria
65%
Marseille
62%
Istanbul
50%
Naples
41%
Syracuse
41%
Odessa
32%
Sevastopol
32%
Messina
18%
Taranto
18%
Nice
15%
Antalya
12%
Benghazi
12%
Monaco
12%
Ancona
9%
Varna
9%
No matching quizzes found
Score Distribution
Percent of People with Each Score
Percentile by Number Answered
Your Score History
You have not taken this quiz